000 00631nam a2200205Ia 4500
005 20260429112254.0
008 260429s9999||||xx |||||||||||||| ||und||
020 _a9781648899324
041 _aEnglish
082 _a345.45025
_bDON
100 _aDonato, Stellamarina
245 0 _aLaws and policies to contrast and prevent gender-based violence against women :
_ba comparative analysis between Spain and Italy (1993-2015) /
_cStellamarina Donato
250 _a1st ed.
260 _aUSA :
_bVernon Press,
_c2024.
300 _axvi, 137 p.; pbk
650 _a Laws
650 _a Policies
650 _aWomen
942 _cTB
999 _c53239
_d53239